[Event "Hannibal Online op U12"]
[Site "Chess.com INT"]
[Date "2020.06.08"]
[Round "8"]
[White "Cotoara, Laura"]
[Black "Muntean, Ana Maria"]
[Result "1-0"]
[WhiteElo "1260"]
[BlackElo "1015"]
[PlyCount "55"]
[EventDate "2020.06.01"]
[EventType "swiss"]
[EventRounds "9"]
[EventCountry "MDA"]
[SourceTitle "CBM 196 Extra"]
[Source "ChessBase"]
[SourceDate "2020.07.31"]
[SourceVersion "1"]
[SourceVersionDate "2020.07.31"]
[SourceQuality "1"]

1. e4 c5 2. Nc3 Nc6 3. f4 d6 4. Bb5 a6 5. Bxc6+ bxc6 6. Nf3 Bb7 7. 0-0 Nf6 8. d3 e5 9. fxe5 dxe5 10. Nxe5 Qd4+ 11. Kh1 Qxe5 12. Bf4 Qe6 13. d4 Rd8 14. d5 Qc8 15. d6 Qe6 16. e5 Nd7 17. Re1 f5 18. exf6 Qxe1+ 19. Qxe1+ Kf7 20. fxg7 Bxg7 21. Qe7+ Kg8 22. Qxd8+ Kf7 23. Qxd7+ Kf8 24. Qxb7 Bf6 25. Bh6+ Kg8 26. Rf1 Be7 27. Qc8+ Bf8 28. Rxf8# 1-0

[Event "ROM-ch U10 Girls"]
[Site "Calimanesti Caciulata"]
[Date "2019.04.20"]
[Round "7.9"]
[White "Litcanu, Daria Tiana"]
[Black "Cotoara, Laura"]
[Result "1-0"]
[WhiteElo "1161"]
[BlackElo "1037"]
[PlyCount "79"]
[EventDate "2019.04.15"]
[EventType "swiss"]
[EventRounds "9"]
[EventCountry "ROU"]
[SourceTitle "EXT 2024"]
[Source "ChessBase"]
[SourceDate "2023.10.10"]
[SourceVersion "1"]
[SourceVersionDate "2023.10.10"]
[SourceQuality "1"]

1. e4 e6 2. d4 d5 3. Nd2 c5 4. c3 Nf6 5. e5 Nfd7 6. Bd3 Nc6 7. Ne2 Qb6 8. Nf3 f6 9. exf6 Nxf6 10. 0-0 Bd6 11. Be3 0-0 12. a4 a5 13. b3 Bd7 14. c4 Be8 15. Bf4 Qc7 16. Bxd6 Qxd6 17. Ng3 cxd4 18. Re1 Bh5 19. Nxh5 Nxh5 20. Bxh7+ Kh8 21. Bg6 Nf6 22. Nxd4 Qf4 23. Nxe6 Qh6 24. Nxf8 Rxf8 25. Re3 Qxg6 26. Rg3 Qf7 27. Rh3+ Kg8 28. Rf3 Ne5 29. Rf5 Qg6 30. Rxe5 Ne4 31. Qxd5+ Qf7 32. Qxf7+ Rxf7 33. Rxe4 Kh7 34. Rae1 Kg6 35. Re7 Rf6 36. R7e6 Rxe6 37. Rxe6+ Kf7 38. Rb6 Ke7 39. Rxb7+ Kd6 40. Rxg7 1-0

[Event "ROM-ch U10 Girls"]
[Site "Calimanesti Caciulata"]
[Date "2019.04.18"]
[Round "5.15"]
[White "Onica, Maya Briana"]
[Black "Cotoara, Laura"]
[Result "0-1"]
[WhiteElo "1046"]
[BlackElo "1037"]
[PlyCount "52"]
[EventDate "2019.04.15"]
[EventType "swiss"]
[EventRounds "9"]
[EventCountry "ROU"]
[SourceTitle "EXT 2024"]
[Source "ChessBase"]
[SourceDate "2023.10.10"]
[SourceVersion "1"]
[SourceVersionDate "2023.10.10"]
[SourceQuality "1"]

1. e4 e6 2. Bc4 d5 3. Bd3 Nf6 4. f3 Be7 5. Ne2 c5 6. Ng3 Nc6 7. c3 Qb6 8. Bc2 0-0 9. d3 Bd7 10. 0-0 Rad8 11. f4 dxe4 12. dxe4 c4+ 13. Kh1 Bc8 14. Qf3 e5 15. Nf5 Bxf5 16. exf5 Rfe8 17. Qg3 e4 18. Nd2 Bc5 19. Nxc4 Qb5 20. b3 a5 21. a4 Nh5 22. Qg4 Qa6 23. Qxh5 f6 24. Qh4 b5 25. Nb2 bxa4 26. bxa4 Qxf1# 0-1

[Event "ROM-ch U10 Girls"]
[Site "Calimanesti Caciulata"]
[Date "2019.04.17"]
[Round "4.12"]
[White "Cotoara, Laura"]
[Black "Kiss, Abigel"]
[Result "0-1"]
[WhiteElo "1037"]
[BlackElo "1037"]
[PlyCount "97"]
[EventDate "2019.04.15"]
[EventType "swiss"]
[EventRounds "9"]
[EventCountry "ROU"]
[SourceTitle "EXT 2024"]
[Source "ChessBase"]
[SourceDate "2023.10.10"]
[SourceVersion "1"]
[SourceVersionDate "2023.10.10"]
[SourceQuality "1"]

1. e4 e5 2. Bc4 Nf6 3. d3 Bc5 4. Nf3 Nc6 5. c3 Bb6 6. 0-0 0-0 7. Re1 d6 8. Bb3 Ng4 9. Re2 Be6 10. Bc2 Nf6 11. Nbd2 Bg4 12. Re1 Bh5 13. h3 Re8 14. Nf1 h6 15. Ng3 Re6 16. Bb3 Re8 17. Qe2 Rf8 18. Be3 Kh8 19. Bxb6 cxb6 20. Qe3 a5 21. Nh4 b5 22. Nhf5 Bg6 23. Nxh6 gxh6 24. Qxh6+ Nh7 25. h4 Qf6 26. h5 Qh4 27. Nf5 Bxf5 28. exf5 Rg8 29. Bxf7 Rg7 30. Bg6 Qf6 31. Re3 Re8 32. g4 Rf8 33. Rg3 Rd8 34. g5 Qf8 35. Bxh7 Rxh7 36. Qe6 Re8 37. Qd5 Ne7 38. Qe4 Rxh5 39. f6 Nc6 40. Qf5 Qf7 41. Kg2 Qd5+ 42. Rf3 Rg8 43. f7 Rgxg5+ 44. Qxg5 Rxg5+ 45. Kf1 Qxf3 46. Re1 Rf5 47. Re2 Rh5 48. Ke1 Rh1+ 49. Kd2 0-1

[Event "ROM-ch U10 Girls"]
[Site "Calimanesti"]
[Date "2018.03.29"]
[Round "3"]
[White "Cotoara, Laura"]
[Black "Gheorghe, Raisa Maria"]
[Result "1-0"]
[WhiteElo "1181"]
[BlackElo "1001"]
[PlyCount "91"]
[EventDate "2018.03.27"]
[EventType "swiss"]
[EventRounds "9"]
[EventCountry "ROU"]
[SourceTitle "CBM 183 Extra"]
[Source "ChessBase"]
[SourceDate "2018.04.19"]
[SourceVersion "1"]
[SourceVersionDate "2018.04.19"]
[SourceQuality "1"]

1. e4 e5 2. Nf3 Nc6 3. Bc4 Bc5 4. c3 Nf6 5. d3 h6 6. Bb3 d6 7. 0-0 Bg4 8. Nbd2 0-0 9. Re1 Nh7 10. h3 Bh5 11. Nf1 Ne7 12. Ng3 Bg6 13. Nh4 d5 14. Nxg6 fxg6 15. Be3 Bb6 16. d4 Qd6 17. a4 a6 18. Ba2 c5 19. a5 Ba7 20. b4 cxb4 21. dxe5 Qxe5 22. Bxa7 Rxa7 23. exd5 Qd6 24. cxb4 Kh8 25. Re6 Qxb4 26. d6 Nc6 27. d7 Raa8 28. Qd5 Qc3 29. Rd1 Rad8 30. Qe4 Qc5 31. Qe1 Ng5 32. Re8 b6 33. axb6 Qxb6 34. Rd2 Nd4 35. Qe7 Ndf3+ 36. gxf3 Nxf3+ 37. Kg2 Qe6 38. Re2 Qxe7 39. R2xe7 Nh4+ 40. Kh1 Kh7 41. Rxf8 Rxf8 42. Re8 Rxf2 43. d8Q g5 44. Bb1+ g6 45. Re7+ Rf7 46. Rxf7# 1-0

[Event "ROM-ch U08 Girls"]
[Site "Baile Felix"]
[Date "2017.02.09"]
[Round "9"]
[White "Stefan, Iulia Cristiana"]
[Black "Cotoara, Laura"]
[Result "1-0"]
[WhiteElo "1205"]
[BlackElo "1001"]
[PlyCount "81"]
[EventDate "2017.02.02"]
[EventType "swiss"]
[EventRounds "9"]
[EventCountry "ROU"]
[SourceTitle "CBM 176 Extra"]
[Source "ChessBase"]
[SourceDate "2017.03.02"]
[SourceVersion "1"]
[SourceVersionDate "2017.03.02"]
[SourceQuality "1"]

1. e4 e5 2. Nf3 Nc6 3. Bb5 d6 4. c3 Nf6 5. d3 Be7 6. 0-0 0-0 7. Re1 Re8 8. Nbd2 a6 9. Ba4 b5 10. Bb3 Bb7 11. Nf1 Na5 12. Bc2 h6 13. Ng3 Bf8 14. Nf5 Qd7 15. h3 Bc6 16. Nh2 Red8 17. Qf3 d5 18. Qg3 Nb7 19. Nxh6+ Kh8 20. Nf5 Nh7 21. Qxe5 Re8 22. Qg3 Nd6 23. Nxd6 cxd6 24. Bf4 f5 25. exf5 Qxf5 26. Bxd6 Bxd6 27. Qxd6 Bb7 28. Qg3 Nf6 29. Qf3 Qg6 30. Rac1 Rab8 31. Ng4 Nh5 32. Bb3 Red8 33. d4 a5 34. Ne3 Qg5 35. Ng4 Rf8 36. Qe3 a4 37. Qxg5 Nf6 38. Bc2 Bc8 39. Nxf6 gxf6 40. Qh6+ Kg8 41. Qh7# 1-0

[Event "ROM-ch U08 Girls"]
[Site "Baile Felix"]
[Date "2017.02.08"]
[Round "8"]
[White "Cotoara, Laura"]
[Black "Andries, Alexia"]
[Result "1-0"]
[WhiteElo "1001"]
[BlackElo "1030"]
[PlyCount "89"]
[EventDate "2017.02.02"]
[EventType "swiss"]
[EventRounds "9"]
[EventCountry "ROU"]
[SourceTitle "CBM 176 Extra"]
[Source "ChessBase"]
[SourceDate "2017.03.02"]
[SourceVersion "1"]
[SourceVersionDate "2017.03.02"]
[SourceQuality "1"]

1. e4 c5 2. Nf3 e6 3. Nc3 Nc6 4. Bb5 d6 5. 0-0 Nf6 6. d3 Be7 7. Bg5 0-0 8. h3 a6 9. Ba4 b5 10. Bb3 Bb7 11. Qd2 Nd7 12. Bxe7 Qxe7 13. Qf4 Nd4 14. Nxd4 cxd4 15. Ne2 e5 16. Qg4 Nf6 17. Qg3 Nh5 18. Qg4 Nf6 19. Qh4 a5 20. a3 a4 21. Ba2 Rac8 22. Rfc1 Qd7 23. Ng3 d5 24. f3 dxe4 25. dxe4 Rc7 26. Nf5 h6 27. Qg3 Ne8 28. Qg6 Rc6 29. Qg3 Rg6 30. Qxg6 Qc6 31. Qg3 Bc8 32. Nh4 Qb6 33. Ng6 d3+ 34. Kh1 d2 35. Rd1 Qe3 36. Nxf8 Kxf8 37. Qh4 Bb7 38. Qh5 g6 39. Qxe5 f6 40. Qe6 Nd6 41. Qxd6+ Kg7 42. Qe7+ Kh8 43. Qxb7 Qd4 44. Qf7 Qxb2 45. Qg8# 1-0

[Event "ROM-ch U08 Girls"]
[Site "Baile Felix"]
[Date "2017.02.07"]
[Round "7"]
[White "Antal, Iris Ileana"]
[Black "Cotoara, Laura"]
[Result "0-1"]
[WhiteElo "1001"]
[BlackElo "1001"]
[PlyCount "56"]
[EventDate "2017.02.02"]
[EventType "swiss"]
[EventRounds "9"]
[EventCountry "ROU"]
[SourceTitle "CBM 176 Extra"]
[Source "ChessBase"]
[SourceDate "2017.03.02"]
[SourceVersion "1"]
[SourceVersionDate "2017.03.02"]
[SourceQuality "1"]

1. d4 d5 2. c4 dxc4 3. e3 Nf6 4. Bxc4 Nc6 5. Nc3 Bg4 6. f3 Bh5 7. Nge2 e6 8. 0-0 Bb4 9. a3 Ba5 10. b4 Bb6 11. Bd2 0-0 12. Qc2 Bg6 13. Qa2 Ne7 14. Nf4 e5 15. Nxg6 Nxg6 16. d5 Nf4 17. Kh1 Ng6 18. Rg1 Nh5 19. Ne4 Qh4 20. g3 Qh3 21. Ng5 Qf5 22. Ne4 Qxf3+ 23. Rg2 Qxe4 24. Rag1 h6 25. Qb3 Rad8 26. g4 Nf6 27. a4 Nxg4 28. a5 Nf2# 0-1